Normal view
MARC view
Entry Personal Name
001 - CONTROL NUMBER
- control field: 1236666
003 - CONTROL NUMBER IDENTIFIER
- control field: OSt
005 - DATE AND TIME OF LATEST TRANSACTION
- control field: 20260430150152.0
008 - FIXED-LENGTH DATA ELEMENTS
- fixed length control field: 260430|| aca||aabn | a|a d
040 ## - CATALOGING SOURCE
- Original cataloging agency: OSt
- Transcribing agency: OSt
100 ## - HEADING--PERSONAL NAME
- Personal name: Bhat Ahmad Au.; Thakur Shalini Gu
670 ## - SOURCE DATA FOUND
- Source citation: Work cat.: (OSt)1849120: Bhat Ahmad Au.; Thakur Shalini Gu., Gharana Tradition in Kashmiri Sufiana Mausiqi: an analytical study, 2021
